Albania Fact-File - Statistics

General Stats
  • This quiz has been taken 24 times
  • The average score is 12 of 16
Answer Stats
Hint Answer % Correct
Continent Europe
100%
Capital City Tirana
100%
Largest City (By Population) Tirana
100%
Official Language Albanian
95%
Bordering Country Greece
95%
Bordering Country Kosovo
95%
Currency Lek
95%
Bordering Country Montenegro
95%
Bordering Country North Macedonia
95%
Driving Side Right
95%
Most popular sport Football
86%
Highest Point Mt Korab
45%
Calling Code +355
41%
National Animal Golden Eagle
36%
National Anthem (English Name) Hymn to the Flag
18%
Tallest Building Downtown One
14%
No matching quizzes found
Score Distribution
Percent of People with Each Score
Percentile by Number Answered
Your Score History
You have not taken this quiz